000 00769cam0 2200229 ib4500
001 BY-MI0010-br6513
005 20230914141603.0
035 ^a(BY-MI0010)BY-MI0010-br6513
100 ^a20150304d1980 u y0rusy50 ca
101 0 ^arus
102 ^aRU
105 ^aa z 000fy
200 1 ^aБерестяная грамота
^eрассказы
^fЕ.П.Алфимов
210 ^aМосква
^cСовременник
^d1980
215 ^a270 с.
686 ^a84(2Рос)6-44
^2rubbk
700 1 ^aАлфимов
^bЕ. П.
^gЕвгений Петрович
^cписатель
^fрод. 1926
^3BY-CNB-a327959
690 ^2Base
^9BY-MI0010
^a1
^xRSEK
801 0 ^aBY
^bBY-MI0010
^c20150304
^gRCR
899 0 ^aBY-MI0010
^iА53
^h84(2Рос)6